[Event "XXVIII Miedzynarodowy Turniej im. T. Gn"]
[Site "Police"]
[Date "2013.??.??"]
[Round "1.2"]
[White "Simantsev, Mikhail"]
[Black "Olenderek, Tomasz"]
[Result "1-0"]
[WhiteElo "2473"]
[BlackElo "2132"]
[PlyCount "63"]
[EventDate "2013.??.??"]

1. d4 d5 2. c4 c6 3. Nc3 Nf6 4. Nf3 Qb6 5. c5 Qc7 6. Bg5 Nbd7 7. e3 g6 8. h3
Bg7 9. Bf4 Qd8 10. Bd3 O-O 11. O-O Re8 12. Bh2 Nf8 13. b4 N6d7 14. Bc2 e5 15.
dxe5 Nxe5 16. Nxe5 Bxe5 17. Bxe5 Rxe5 18. e4 Qh4 19. f4 Rh5 20. Qf3 dxe4 21.
Nxe4 Be6 22. Qc3 Nd7 23. Ng5 Bd5 24. Bb3 Re8 25. Bxd5 cxd5 26. g3 Rxg5 27. fxg5
Qxh3 28. Rae1 Re4 29. Rxe4 dxe4 30. Rf4 Qe6 31. Qb3 Qe7 32. Qd5 1-0

[Event "XXVIII Miedzynarodowy Turniej im. T. Gn"]
[Site "Police"]
[Date "2013.??.??"]
[Round "1.3"]
[White "Korbal, Arkadiusz"]
[Black "Urban, Klaudiusz"]
[Result "1/2-1/2"]
[WhiteElo "2131"]
[BlackElo "2462"]
[PlyCount "122"]
[EventDate "2013.??.??"]

1. d4 e6 2. c4 d5 3. Nf3 a6 4. Qc2 Nf6 5. g3 Nc6 6. Bg2 Nb4 7. Qb3 dxc4 8. Qxc4
Qd5 9. Qxd5 exd5 10. Na3 Bd6 11. O-O h6 12. Bf4 Bxf4 13. gxf4 c6 14. Rfc1 Bf5
15. Ne1 g5 16. fxg5 hxg5 17. Rc3 Rh6 18. Re3+ Be6 19. Rb3 a5 20. Nac2 Nxc2 21.
Nxc2 Rb8 22. Ne1 Nd7 23. Ra3 Ra8 24. Rb3 Ra7 25. Rg3 f6 26. Nd3 Rh4 27. f4 g4
28. Rf1 f5 29. Re3 Kf7 30. Ne5+ Nxe5 31. dxe5 Rh8 32. h3 gxh3 33. Rxh3 Rxh3 34.
Bxh3 d4 35. Kf2 Ra8 36. Rd1 Rh8 37. Bg2 Rd8 38. a3 c5 39. Rh1 Kg6 40. Bf3 c4
41. Rg1+ Kh6 42. Rc1 b5 43. Ke1 b4 44. axb4 axb4 45. Ra1 c3 46. e3 cxb2 47. Rb1
dxe3 48. Rxb2 Rd4 49. Ke2 Rxf4 50. Kxe3 Rh4 51. Rc2 Rc4 52. Rd2 Rc3+ 53. Kf4
Rc4+ 54. Ke3 f4+ 55. Kd3 Kg7 56. Rg2+ Kf8 57. Rg6 Rc3+ 58. Ke4 Rc4+ 59. Kd3
Rc3+ 60. Ke4 Rc4+ 61. Kd3 Rc3+ 1/2-1/2

[Event "XXVIII Miedzynarodowy Turniej im. T. Gn"]
[Site "Police"]
[Date "2013.??.??"]
[Round "1.4"]
[White "Grabarczyk, Miroslaw"]
[Black "Maniocha, Andrzej"]
[Result "1-0"]
[WhiteElo "2460"]
[BlackElo "2118"]
[PlyCount "45"]
[EventDate "2013.??.??"]

1. d4 Nf6 2. c4 e6 3. g3 Bb4+ 4. Bd2 Qe7 5. Nf3 O-O 6. Bg2 Nc6 7. O-O Bxd2 8.
Qxd2 d6 9. Nc3 e5 10. Nd5 Nxd5 11. cxd5 Nxd4 12. Nxd4 exd4 13. Rac1 Bf5 14.
Qxd4 Qxe2 15. Rxc7 Qa6 16. a3 Rac8 17. Rfc1 Rxc7 18. Rxc7 Re8 19. h3 h6 20. Qb4
Bc8 21. Qf4 Rf8 22. g4 Qb6 23. Qc1 1-0

[Event "XXVIII Miedzynarodowy Turniej im. T. Gn"]
[Site "Police"]
[Date "2013.??.??"]
[Round "1.5"]
[White "Aglave, Arnaud"]
[Black "Malisauskas, Vidmantas"]
[Result "0-1"]
[WhiteElo "2113"]
[BlackElo "2450"]
[PlyCount "76"]
[EventDate "2013.??.??"]

1. c4 Nf6 2. g3 c5 3. Bg2 d5 4. cxd5 Nxd5 5. Nc3 Nc7 6. Nf3 Nc6 7. Qa4 Bd7 8.
Qe4 f5 9. Qf4 g6 10. Ne5 Ne6 11. Bxc6 bxc6 12. Qc4 Bg7 13. Nxd7 Qxd7 14. d3 Rb8
15. O-O Rb4 16. Qa6 O-O 17. a3 Rb6 18. Qc4 Bxc3 19. bxc3 Qd5 20. Qh4 Rb7 21.
Bf4 c4 22. dxc4 Qxc4 23. Be5 f4 24. e3 g5 25. Qg4 Rb5 26. Bd4 f3 27. a4 Re5 28.
Qh5 Re4 29. Bxa7 Qa6 30. Bd4 Qc4 31. Rfb1 c5 32. Rb7 cxd4 33. cxd4 Qc8 34. Rab1
Ng7 35. Qh6 Rxe3 36. fxe3 Qc2 37. Qh3 f2+ 38. Kh1 Qe4+ 0-1

[Event "XXVIII Miedzynarodowy Turniej im. T. Gn"]
[Site "Police"]
[Date "2013.??.??"]
[Round "1.6"]
[White "Chojnacki, Krzysztof"]
[Black "Graf, Pawel"]
[Result "1-0"]
[WhiteElo "2442"]
[BlackElo "2108"]
[PlyCount "71"]
[EventDate "2013.??.??"]

1. d4 d5 2. c4 c6 3. Nf3 Nf6 4. Qc2 g6 5. Bf4 Bg7 6. e3 O-O 7. Bd3 dxc4 8. Bxc4
Bf5 9. Qb3 b5 10. Be2 Nbd7 11. O-O a6 12. a4 Nd5 13. Bg3 N5b6 14. a5 Nd5 15.
Nbd2 N5f6 16. Qa3 Rc8 17. Rac1 Ne4 18. Nxe4 Bxe4 19. Rfd1 Bd5 20. Ne1 Qe8 21.
Nd3 e5 22. dxe5 Nxe5 23. Nb4 Qe6 24. Nxa6 Rfe8 25. Nc5 Qe7 26. Qb4 Nd7 27. Nd3
Qxb4 28. Nxb4 Bxb2 29. Rb1 Bc3 30. Nxd5 cxd5 31. Bxb5 Red8 32. Rxd5 Nf6 33.
Rxd8+ Rxd8 34. a6 Ra8 35. Be2 Ne4 36. Rb8+ 1-0

[Event "XXVIII Miedzynarodowy Turniej im. T. Gn"]
[Site "Police"]
[Date "2013.??.??"]
[Round "1.7"]
[White "Weber, Max"]
[Black "Yagupov, Igor"]
[Result "1/2-1/2"]
[WhiteElo "2108"]
[BlackElo "2389"]
[PlyCount "69"]
[EventDate "2013.??.??"]

1. c4 e5 2. g3 Nf6 3. Bg2 d5 4. cxd5 Nxd5 5. Nc3 Nb6 6. Nf3 Nc6 7. O-O Be6 8.
a3 Nd4 9. d3 Bb3 10. Qd2 f6 11. Ne4 Qd7 12. Nxd4 exd4 13. Qa5 Bd5 14. Bf4 c6
15. Rac1 Kf7 16. Nc5 Bxc5 17. Qxc5 Bxg2 18. Kxg2 Rhe8 19. Rfe1 Rad8 20. Bd2 Re5
21. Qc2 Qd5+ 22. f3 Qe6 23. Bf4 Nd5 24. e4 Nxf4+ 25. gxf4 Rb5 26. b4 g6 27. Qc4
a5 28. Re2 Ke7 29. Qxe6+ Kxe6 30. Rc4 axb4 31. axb4 g5 32. Kg3 gxf4+ 33. Kxf4
Rg5 34. Rb2 Rd6 35. Re2 1/2-1/2

[Event "XXVIII Miedzynarodowy Turniej im. T. Gn"]
[Site "Police"]
[Date "2013.??.??"]
[Round "1.8"]
[White "Weichhold, Pawel"]
[Black "Czuchnicki, Adam"]
[Result "1-0"]
[WhiteElo "2382"]
[BlackElo "2094"]
[PlyCount "47"]
[EventDate "2013.??.??"]

1. e4 c5 2. Nf3 d6 3. d4 cxd4 4. Nxd4 Nf6 5. Nc3 a6 6. Bg5 e6 7. f4 Be7 8. Qf3
Qc7 9. O-O-O Nbd7 10. g4 h6 11. Bxf6 Bxf6 12. h4 Nc5 13. g5 Be7 14. Kb1 Bd7 15.
f5 hxg5 16. hxg5 Rxh1 17. Qxh1 Na4 18. Nxa4 Bxa4 19. fxe6 O-O-O 20. b3 Be8 21.
Qg2 g6 22. Qf3 Bf8 23. Bc4 Qe7 24. Qf6 1-0

[Event "XXVIII Miedzynarodowy Turniej im. T. Gn"]
[Site "Police"]
[Date "2013.??.??"]
[Round "1.9"]
[White "Schroeder, Kevin"]
[Black "Szczepkowska-Horowska, Karina"]
[Result "0-1"]
[WhiteElo "2079"]
[BlackElo "2380"]
[PlyCount "80"]
[EventDate "2013.??.??"]

1. e4 d6 2. d4 Nf6 3. Nc3 Nc6 4. Nf3 Bg4 5. Bb5 a6 6. Bxc6+ bxc6 7. h3 Bh5 8.
Qe2 e6 9. Bf4 d5 10. g4 Bg6 11. Ne5 Bb4 12. Nxc6 Bxc3+ 13. bxc3 Qc8 14. e5 Ne4
15. Bd2 Qd7 16. Nb4 Qa4 17. Rb1 O-O 18. h4 f6 19. h5 Be8 20. h6 g6 21. c4 a5
22. cxd5 Nxd2 23. Kxd2 axb4 24. exf6 exd5 25. Qe7 Rf7 26. Qe6 Bd7 27. Qe5 Re8
28. Qg5 Qxa2 29. Rhe1 Rxe1 30. Rxe1 b3 31. Qxd5 Qxc2+ 32. Ke3 Qc6 33. Qxc6 Bxc6
34. g5 Rf8 35. Kd2 b2 36. Kc3 Rb8 37. Rb1 Kf7 38. Rxb2 Rxb2 39. Kxb2 Ke6 40.
Kc3 Bd5 0-1

[Event "XXVIII Miedzynarodowy Turniej im. T. Gn"]
[Site "Police"]
[Date "2013.??.??"]
[Round "1.10"]
[White "Schmidt, Wlodzimierz"]
[Black "Vogel, Roven"]
[Result "1-0"]
[WhiteElo "2371"]
[BlackElo "2061"]
[PlyCount "91"]
[EventDate "2013.??.??"]

1. d4 d5 2. c4 c6 3. Nc3 Nf6 4. Nf3 e6 5. e3 Nbd7 6. Qc2 Bd6 7. Bd3 O-O 8. O-O
dxc4 9. Bxc4 b5 10. Be2 Bb7 11. Rd1 Qe7 12. e4 e5 13. dxe5 Nxe5 14. Nd4 Rad8
15. Nf5 Qe6 16. Nxd6 Rxd6 17. Be3 a6 18. Bc5 Rxd1+ 19. Rxd1 Re8 20. f3 Ned7 21.
Bf2 Ne5 22. a4 Ng6 23. Bf1 h5 24. Ne2 Ne5 25. Nd4 Qa2 26. Nb3 bxa4 27. Nc1 Qe6
28. Qxa4 c5 29. Be2 c4 30. Qb4 Bxe4 31. fxe4 Nxe4 32. Qb6 Qf5 33. Be3 Re6 34.
Qd8+ Kh7 35. Rf1 Qg6 36. Qh4 Nf6 37. Bd4 Kg8 38. Bxe5 Rxe5 39. Qxc4 Ne4 40.
Qxa6 Qg5 41. Qa7 Nd2 42. Qxf7+ Kh7 43. Rd1 Ne4 44. Bd3 Rf5 45. Qa7 Qf4 46. Rf1
1-0

[Event "XXVIII Miedzynarodowy Turniej im. T. Gn"]
[Site "Police"]
[Date "2013.??.??"]
[Round "1.11"]
[White "Pawlicz, Adam"]
[Black "Przedmojski, Rafal"]
[Result "0-1"]
[WhiteElo "2048"]
[BlackElo "2371"]
[PlyCount "84"]
[EventDate "2013.??.??"]

1. d4 d5 2. c4 c6 3. cxd5 cxd5 4. Nc3 Nf6 5. Nf3 Nc6 6. Bf4 a6 7. e3 Bg4 8. h3
Bxf3 9. gxf3 e6 10. Rg1 g6 11. a3 Bg7 12. Bd3 O-O 13. Rc1 Re8 14. Be5 Nh5 15.
Bxg7 Nxg7 16. f4 Rc8 17. Rg5 Ne7 18. Ne2 Qb6 19. Rxc8 Rxc8 20. Qd2 Kf8 21. Rg1
Ne8 22. Nc3 Nd6 23. Ke2 Nc4 24. Bxc4 Rxc4 25. Rc1 Nf5 26. Kf3 Nd6 27. b4 Qc6
28. Qb2 Nb5 29. Ne2 Rxc1 30. Nxc1 Qc4 31. Kg2 Ke7 32. Nb3 b6 33. Nd2 Qc3 34.
Qxc3 Nxc3 35. Kf3 Kd6 36. Kg4 h6 37. h4 Ne4 38. Nf3 Nxf2+ 39. Kg3 Ne4+ 40. Kg4
h5+ 41. Kh3 f6 42. Kg2 Kc6 0-1

[Event "XXVIII Miedzynarodowy Turniej im. T. Gn"]
[Site "Police"]
[Date "2013.??.??"]
[Round "1.12"]
[White "Kula, Robert"]
[Black "Koziol, Kamil"]
[Result "1-0"]
[WhiteElo "2345"]
[BlackElo "2035"]
[PlyCount "73"]
[EventDate "2013.??.??"]

1. d4 d5 2. Nf3 e6 3. c4 c5 4. e3 Nc6 5. Nc3 Nf6 6. Bd3 dxc4 7. Bxc4 a6 8. a4
cxd4 9. exd4 Qc7 10. Qe2 Bd6 11. Bg5 O-O 12. O-O Ng4 13. g3 h6 14. Bd2 Nf6 15.
Rfe1 b6 16. Rac1 Qd7 17. Ne4 Be7 18. Bd3 Bb7 19. Bc3 g6 20. Red1 Nd5 21. Bd2
Kg7 22. b3 Bb4 23. Ne5 Nxe5 24. dxe5 Bxd2 25. Rxd2 Qe7 26. Nd6 Rfd8 27. Be4
Rxd6 28. exd6 Qxd6 29. Qd3 Kh7 30. h4 h5 31. Qd4 Rd8 32. b4 f5 33. Bxd5 Bxd5
34. Qf6 Qd7 35. Rdc2 Kg8 36. Rc7 Rc8 37. Rxc8+ 1-0

[Event "XXVIII Miedzynarodowy Turniej im. T. Gn"]
[Site "Police"]
[Date "2013.??.??"]
[Round "1.13"]
[White "Zschaebitz, Klaus"]
[Black "Franzen, Jozef"]
[Result "0-1"]
[WhiteElo "2022"]
[BlackElo "2299"]
[PlyCount "130"]
[EventDate "2013.??.??"]

1. c4 Nf6 2. g3 e6 3. Bg2 d5 4. Nf3 dxc4 5. Na3 Be7 6. O-O O-O 7. Nxc4 Nbd7 8.
d3 Nb6 9. Qc2 c6 10. Bd2 Nxc4 11. Qxc4 Re8 12. b4 Nd5 13. e4 Nb6 14. Qc2 e5 15.
Nxe5 Bf6 16. d4 Qxd4 17. Bc3 Qd6 18. Rad1 Qe7 19. Nd3 Bxc3 20. Qxc3 Be6 21. a3
Rad8 22. Nb2 Bg4 23. f3 Be6 24. f4 Bg4 25. Rxd8 Rxd8 26. h3 Be2 27. Rf2 Bb5 28.
Rd2 Rd7 29. Bf1 Bxf1 30. Kxf1 Qxe4 31. Rxd7 Nxd7 32. Kf2 h5 33. Qd3 Qe6 34. Kg2
Nf6 35. Nc4 Nd5 36. Ne5 h4 37. Qf3 hxg3 38. Kxg3 Ne7 39. Qd3 Nd5 40. Qf3 Nf6
41. Qd1 Ne4+ 42. Kf3 Nd6 43. Kg2 f6 44. Nf3 Kf7 45. Qd3 Nf5 46. Kf2 Ke7 47. h4
Qa2+ 48. Kg1 Qd5 49. Qe2+ Kd7 50. Kh2 Kc7 51. h5 Qf7 52. Ne1 Qb3 53. Qf3 Qxf3
54. Nxf3 Kd6 55. Kh3 Kd5 56. Nd2 b6 57. Kg4 Ne3+ 58. Kf3 Nc2 59. Kg4 Nd4 60.
Nf1 c5 61. bxc5 bxc5 62. Ne3+ Ke4 63. Nc4 Kd3 64. Nb2+ Kc3 65. Nd1+ Kb3 0-1

-1/2

[Event "XXVIII Miedzynarodowy Turniej im. T. Gn"]
[Site "Police"]
[Date "2013.??.??"]
[Round "1.14"]
[White "Gajek, Radoslaw"]
[Black "Maniocha, Marek"]
[Result "1-0"]
[WhiteElo "2296"]
[BlackElo "2015"]
[PlyCount "115"]
[EventDate "2013.??.??"]

1. e4 c6 2. d4 d5 3. Nd2 dxe4 4. Nxe4 Bf5 5. Ng3 Bg6 6. h4 h6 7. Nf3 Nd7 8. h5
Bh7 9. Bd3 Bxd3 10. Qxd3 e6 11. Bf4 Qa5+ 12. Bd2 Qc7 13. O-O-O Ngf6 14. Kb1
O-O-O 15. c4 Bd6 16. Ne4 Nxe4 17. Qxe4 Nf6 18. Qe2 c5 19. Bc3 Kb8 20. d5 exd5
21. Bxf6 gxf6 22. Rxd5 Rhe8 23. Qd3 Be5 24. Rd1 Rxd5 25. Qxd5 Kc8 26. Qe4 Rd8
27. Rd5 Rxd5 28. cxd5 c4 29. g4 c3 30. Nxe5 fxe5 31. Qc2 f6 32. Qxc3 Kd7 33.
Qb4 Qb6 34. Qd2 Kd6 35. Qxh6 Qxf2 36. Qf8+ Kxd5 37. Qf7+ Kd4 38. a3 e4 39. h6
e3 40. Qd7+ Ke5 41. Qc7+ Kd4 42. Qd6+ Ke4 43. Qe6+ Kd4 44. Qd7+ Ke5 45. Qc7+
Kd4 46. Qd8+ Ke5 47. Qb8+ Kd4 48. Qxa7+ Ke5 49. Qc5+ Kf4 50. h7 Qf1+ 51. Qc1
Qd3+ 52. Qc2 Qf1+ 53. Ka2 e2 54. h8=Q e1=Q 55. Qxf6+ Kg3 56. Qxf1 Qxf1 57. g5
Qf7+ 58. Qb3+ 1-0

[Event "XXVIII Miedzynarodowy Turniej im. T. Gn"]
[Site "Police"]
[Date "2013.??.??"]
[Round "1.15"]
[White "Krasowski, Slawomir"]
[Black "Maes, Wim"]
[Result "0-1"]
[WhiteElo "2012"]
[BlackElo "2265"]
[PlyCount "116"]
[EventDate "2013.??.??"]

1. e4 c5 2. Nf3 e6 3. d4 cxd4 4. Nxd4 a6 5. g3 Nf6 6. Nc3 Qc7 7. Bg2 Bb4 8.
Nde2 Nc6 9. O-O O-O 10. a3 Be7 11. Nf4 d6 12. Qe2 b5 13. Be3 Bb7 14. Rad1 Ne5
15. Nd3 Nc4 16. Bc1 Nxa3 17. b3 Qxc3 18. Bxa3 Qc7 19. Bb2 Rfd8 20. Rfe1 d5 21.
Be5 Qc8 22. f3 Qc6 23. Bb2 a5 24. Kh1 Qb6 25. Nf4 dxe4 26. fxe4 a4 27. bxa4
Rxd1 28. Rxd1 Rxa4 29. Bxf6 Bxf6 30. e5 Bg5 31. Nd3 g6 32. h3 Be7 33. Kh2 Rc4
34. Rf1 Qc7 35. Rf2 Bxg2 36. Kxg2 b4 37. Kh2 Bf8 38. h4 Qc6 39. Qd2 Qc7 40. Re2
Bg7 41. Kh3 h5 42. Kg2 Kh7 43. Kh3 Bh6 44. Qd1 Rd4 45. Qe1 Qc4 46. Nf2 Bg7 47.
Ne4 Qd5 48. Ng5+ Kg8 49. Qf1 Qb7 50. Rf2 Rd7 51. Qe2 Qh1+ 52. Rh2 Qd5 53. Nf3
Rc7 54. Qd2 Rd7 55. Qe3 Qc4 56. Rd2 Qf1+ 57. Kh2 Rxd2+ 58. Nxd2 Qf5 0-1

[Event "XXVIII Miedzynarodowy Turniej im. T. Gn"]
[Site "Police"]
[Date "2013.??.??"]
[Round "1.16"]
[White "Szyszylo, Rafal"]
[Black "Dogoda, Rafal"]
[Result "1-0"]
[WhiteElo "2201"]
[BlackElo "1895"]
[PlyCount "65"]
[EventDate "2013.??.??"]

1. e4 e6 2. d4 d5 3. exd5 exd5 4. c4 Nf6 5. Nc3 Nc6 6. Nf3 Bg4 7. Be3 Bb4 8.
Rc1 O-O 9. Bd3 dxc4 10. Bxc4 Qd7 11. O-O Rad8 12. h3 Bh5 13. Kh1 Bxf3 14. Qxf3
Nxd4 15. Qxb7 Rb8 16. Qxa7 Nf5 17. Rfd1 Bd6 18. Nd5 Nxd5 19. Bxd5 Nxe3 20. Qxe3
Rxb2 21. Qf3 Qe7 22. Re1 Qh4 23. Kg1 Qf4 24. Qxf4 Bxf4 25. Ra1 Rd8 26. Re7 Bg5
27. Bxf7+ Kf8 28. Rxc7 Rdd2 29. Re1 Rd8 30. Bc4 Rc2 31. Rf7+ Kg8 32. Bb3 Rb2
33. Rf5+ 1-0

[Event "XXVIII Miedzynarodowy Turniej im. T. Gn"]
[Site "Police"]
[Date "2013.??.??"]
[Round "1.17"]
[White "Oleniak, Wlodzimierz"]
[Black "Tokarczyk, Tomasz"]
[Result "0-1"]
[WhiteElo "1849"]
[BlackElo "2198"]
[PlyCount "40"]
[EventDate "2013.??.??"]

1. c4 c6 2. Nc3 d5 3. cxd5 cxd5 4. Nf3 Nc6 5. d4 Nf6 6. Bf4 a6 7. e3 Bg4 8. h3
Bxf3 9. Qxf3 e6 10. Bg5 Be7 11. Bd3 Rc8 12. O-O O-O 13. Rac1 Qa5 14. Qe2 Rfe8
15. Rfd1 Ne4 16. Nxe4 dxe4 17. Bxe4 Qxg5 18. Bxc6 bxc6 19. Qxa6 Qb5 20. Rxc6
Qxc6 0-1

[Event "XXVIII Miedzynarodowy Turniej im. T. Gn"]
[Site "Police"]
[Date "2013.??.??"]
[Round "1.18"]
[White "Shilov, Sergej"]
[Black "Smieszek, Wojciech"]
[Result "1/2-1/2"]
[WhiteElo "2189"]
[BlackElo "1843"]
[PlyCount "81"]
[EventDate "2013.??.??"]

1. c4 e5 2. Nc3 g6 3. d4 Nc6 4. Nf3 exd4 5. Nd5 Bg7 6. Bg5 Nf6 7. Nxd4 a6 8.
Qd2 h6 9. Nxc6 bxc6 10. Nxf6+ Bxf6 11. Bxf6 Qxf6 12. Rc1 c5 13. Qe3+ Qe7 14.
Qd2 Bb7 15. Rc3 O-O-O 16. Qe3 Qd6 17. Qd2 Qe6 18. e3 g5 19. Rg1 h5 20. Ra3 Rh6
21. Bd3 Qe5 22. g3 h4 23. Qc3 Qe7 24. Bf5 hxg3 25. hxg3 Rdh8 26. Kd2 Rh2 27.
Kc1 f6 28. Rd1 Rh1 29. Qd2 Bf3 30. Rxh1 Rxh1+ 31. Kc2 Be4+ 32. Bxe4 Qxe4+ 33.
Qd3 Qf3 34. Rxa6 Qxf2+ 35. Kb3 Re1 36. Ra8+ Kb7 37. Qd5+ c6 38. Qxd7+ Kxa8 39.
Qc8+ Ka7 40. Qc7+ Ka8 41. Qc8+ 1/2-1/2

[Event "XXVIII Miedzynarodowy Turniej im. T. Gn"]
[Site "Police"]
[Date "2013.??.??"]
[Round "1.19"]
[White "Jacek, Roksana"]
[Black "Perske, Thore"]
[Result "1/2-1/2"]
[WhiteElo "1835"]
[BlackElo "2158"]
[PlyCount "98"]
[EventDate "2013.??.??"]

1. e4 e6 2. Nf3 d5 3. Nc3 dxe4 4. Nxe4 Bd7 5. d4 Bc6 6. Ng3 Nf6 7. Be2 Nbd7 8.
O-O Be7 9. c4 O-O 10. b3 Bxf3 11. Bxf3 c6 12. Bb2 Qa5 13. Qc2 Rfd8 14. Bc3 Bb4
15. Bxb4 Qxb4 16. Rfe1 a5 17. Rad1 a4 18. Re3 h6 19. Ne2 Nb6 20. Nf4 axb3 21.
axb3 Ra3 22. Nh5 Nxh5 23. Bxh5 Qa5 24. Re5 Qb4 25. Re3 Ra5 26. Qe2 Nd7 27. d5
cxd5 28. cxd5 e5 29. Qc2 Qd6 30. Rc3 Nf8 31. Bf3 Raa8 32. Rc7 Rd7 33. Rxd7 Nxd7
34. Rc1 Nb6 35. g3 Rc8 36. Qd2 Rxc1+ 37. Qxc1 Kf8 38. Qc2 Ke7 39. Qh7 Qf6 40.
d6+ Kxd6 41. Bxb7 Nd7 42. Qe4 Kc7 43. Bd5 Nb6 44. Qc2+ Kd7 45. Qc5 Nxd5 46.
Qxd5+ Kc7 47. Kg2 Qc6 48. Qf3 Qe6 49. Kg1 Kb6 1/2-1/2

[Event "XXVIII Miedzynarodowy Turniej im. T. Gn"]
[Site "Police"]
[Date "2013.??.??"]
[Round "1.20"]
[White "Snihur, Piotr"]
[Black "Maruszczak, Joanna"]
[Result "1-0"]
[WhiteElo "2157"]
[BlackElo "1824"]
[PlyCount "57"]
[EventDate "2013.??.??"]

1. e4 c5 2. Nf3 Nc6 3. d4 cxd4 4. Nxd4 g6 5. Nc3 Bg7 6. Be3 Nf6 7. Nxc6 bxc6 8.
e5 Ng8 9. f4 f6 10. Bd4 Qa5 11. exf6 Nxf6 12. Be2 O-O 13. O-O Rb8 14. a3 c5 15.
b4 cxb4 16. axb4 Qxb4 17. Rb1 Qd6 18. Nb5 Qc6 19. Bxa7 Ra8 20. Bf3 d5 21. Bd4
e6 22. Be5 Qc5+ 23. Kh1 Ne8 24. Nd4 Nd6 25. Re1 Bh6 26. Nxe6 Bxe6 27. Bxd6 Qxd6
28. Rxe6 Qxf4 29. Bxd5 1-0

[Event "XXVIII Miedzynarodowy Turniej im. T. Gn"]
[Site "Police"]
[Date "2013.??.??"]
[Round "2.2"]
[White "Franzen, Jozef"]
[Black "Grabarczyk, Miroslaw"]
[Result "0-1"]
[WhiteElo "2299"]
[BlackElo "2460"]
[PlyCount "70"]
[EventDate "2013.??.??"]

1. e4 e5 2. Nf3 Nc6 3. Bb5 Nge7 4. O-O a6 5. Bc4 Ng6 6. d4 Be7 7. Nc3 d6 8. h3
Nh4 9. Nxh4 exd4 10. Ne2 Bxh4 11. Nxd4 Nxd4 12. Qxd4 Bf6 13. Qd3 O-O 14. c3 Be6
15. Bf4 Re8 16. Rad1 Qd7 17. Bd5 Bxd5 18. exd5 Qa4 19. Bd2 Qxa2 20. Ra1 Qb3 21.
Ra5 Re5 22. Be3 h6 23. Rfa1 Rae8 24. R1a3 Qxb2 25. Ra2 Qb3 26. R2a3 Rxe3 27.
fxe3 Qb6 28. Kf1 Rxe3 29. Qf5 g6 30. Qc2 Re5 31. g3 Qe3 32. Kg2 Rf5 33. c4 Qe1
34. Ra2 Rf1 35. R5a3 Rg1+ 0-1

[Event "XXVIII Miedzynarodowy Turniej im. T. Gn"]
[Site "Police"]
[Date "2013.??.??"]
[Round "2.3"]
[White "Malisauskas, Vidmantas"]
[Black "Gajek, Radoslaw"]
[Result "1-0"]
[WhiteElo "2450"]
[BlackElo "2296"]
[PlyCount "67"]
[EventDate "2013.??.??"]

1. d4 Nf6 2. c4 e6 3. Nc3 Bb4 4. Qc2 O-O 5. a3 Bxc3+ 6. Qxc3 d5 7. Bg5 dxc4 8.
Qxc4 b6 9. Nf3 Ba6 10. Qa4 c5 11. dxc5 bxc5 12. Rc1 Qb6 13. Bxf6 gxf6 14. Rc2
Nc6 15. e3 Bxf1 16. Rxf1 Rfd8 17. Ke2 Rac8 18. Rfc1 Ne7 19. Nd2 f5 20. Qh4 Ng6
21. Qf6 Qd6 22. Nf3 f4 23. Ke1 fxe3 24. fxe3 Qd3 25. Rc3 Qd6 26. Rxc5 Rxc5 27.
Rxc5 Rf8 28. b4 Qd3 29. Qc3 Qb1+ 30. Kf2 Qa2+ 31. Kg3 f6 32. Rc7 Qd5 33. Qd4
Qf5 34. Qd7 1-0

[Event "XXVIII Miedzynarodowy Turniej im. T. Gn"]
[Site "Police"]
[Date "2013.??.??"]
[Round "2.4"]
[White "Maes, Wim"]
[Black "Chojnacki, Krzysztof"]
[Result "1/2-1/2"]
[WhiteElo "2265"]
[BlackElo "2442"]
[PlyCount "79"]
[EventDate "2013.??.??"]

1. e4 e5 2. Nf3 Nc6 3. d4 exd4 4. Nxd4 Nf6 5. Nc3 Bb4 6. Nxc6 bxc6 7. Bd3 O-O
8. O-O Re8 9. Qf3 Bd6 10. Bf4 Bxf4 11. Qxf4 d6 12. Rad1 Qe7 13. Rfe1 Rb8 14. b3
Bd7 15. h3 Nh5 16. Qf3 Qg5 17. Bc4 Be6 18. Bf1 Nf4 19. Kh2 Ng6 20. Qe3 Qa5 21.
Qd2 Rbd8 22. g3 f5 23. f4 fxe4 24. Nxe4 Qxd2+ 25. Rxd2 Bf5 26. Rde2 Kf8 27. c3
h6 28. Bg2 Re7 29. Nd2 c5 30. Kg1 Rxe2 31. Rxe2 d5 32. Kf2 c6 33. Nf1 a5 34.
Rd2 Bd7 35. Ne3 Rb8 36. c4 d4 37. Nd1 Ke7 38. Nb2 Kd6 39. Be4 Ne7 40. g4
1/2-1/2

[Event "XXVIII Miedzynarodowy Turniej im. T. Gn"]
[Site "Police"]
[Date "2013.??.??"]
[Round "2.5"]
[White "Tokarczyk, Tomasz"]
[Black "Weichhold, Pawel"]
[Result "1/2-1/2"]
[WhiteElo "2198"]
[BlackElo "2382"]
[PlyCount "116"]
[EventDate "2013.??.??"]

1. d4 Nf6 2. c4 g6 3. g3 Bg7 4. Bg2 O-O 5. Nc3 d6 6. Nf3 Nc6 7. O-O Bg4 8. d5
Na5 9. Nd2 c5 10. Qc2 a6 11. h3 Bd7 12. b3 b5 13. Bb2 Rb8 14. Rab1 bxc4 15.
bxc4 Qc7 16. e4 Rb6 17. Ne2 e6 18. Bc3 Rxb1 19. Rxb1 exd5 20. cxd5 Bb5 21. Bf1
Re8 22. Nf4 Bxf1 23. Kxf1 Nd7 24. Ng2 Bxc3 25. Qxc3 h5 26. Ne3 Qd8 27. Kg2 Nf6
28. Qd3 Qe7 29. Rb6 Nxe4 30. Nxe4 Qxe4+ 31. Qxe4 Rxe4 32. Rxd6 Nc4 33. Nxc4
Rxc4 34. Rxa6 Kf8 35. Kf3 Ke7 36. a4 Rd4 37. d6+ Ke6 38. Ke3 g5 39. a5 Ra4 40.
Kd3 h4 41. Ke2 Ra2+ 42. Kf3 Ra3+ 43. Kg2 hxg3 44. fxg3 f5 45. h4 Ra2+ 46. Kf3
Ra3+ 47. Kf2 Ra2+ 48. Kf3 Ra3+ 49. Kf2 gxh4 50. gxh4 Kd7 51. Ra8 c4 52. a6 c3
53. Ke2 f4 54. Rf8 Rxa6 55. Rxf4 Rc6 56. Rf7+ Ke8 57. Rc7 Rxd6 58. Rxc3 Kf7
1/2-1/2

[Event "XXVIII Miedzynarodowy Turniej im. T. Gn"]
[Site "Police"]
[Date "2013.??.??"]
[Round "2.6"]
[White "Szczepkowska-Horowska, Karina"]
[Black "Szyszylo, Rafal"]
[Result "1/2-1/2"]
[WhiteElo "2380"]
[BlackElo "2201"]
[PlyCount "97"]
[EventDate "2013.??.??"]

1. e4 g6 2. d4 Bg7 3. c3 d6 4. Nf3 Nf6 5. Bd3 O-O 6. O-O Nc6 7. Re1 e5 8. h3 h6
9. d5 Ne7 10. c4 c5 11. Nc3 Nh7 12. Rb1 f5 13. a3 Nf6 14. b4 b6 15. bxc5 bxc5
16. Bd2 Rf7 17. Rb2 Bf8 18. Nh2 f4 19. Be2 g5 20. Ng4 Nh7 21. Nb5 Ng6 22. Qa4
h5 23. Nh2 g4 24. hxg4 hxg4 25. Bxg4 Bxg4 26. Nxg4 Qh4 27. f3 Ng5 28. Qd1 Qg3
29. Qe2 Nh4 30. Kf1 Ngxf3 31. Nxd6 Qxg4 32. Nxf7 Kxf7 33. Rb3 Nh2+ 34. Kg1 f3
35. Qf2 Nxg2 36. Kxh2 Nxe1 37. Bxe1 Bh6 38. Qxf3+ Bf4+ 39. Bg3 Rh8+ 40. Kg1 Rg8
41. Kf2 Qg5 42. a4 Ke7 43. d6+ Kxd6 44. Rd3+ Kc6 45. a5 Kb7 46. Rd7+ Kc6 47.
Rd3 Kb7 48. Rd7+ Kc6 49. Rd3 1/2-1/2

[Event "XXVIII Miedzynarodowy Turniej im. T. Gn"]
[Site "Police"]
[Date "2013.??.??"]
[Round "2.7"]
[White "Maliszewski, Jaroslaw"]
[Black "Schmidt, Wlodzimierz"]
[Result "0-1"]
[WhiteElo "1781"]
[BlackElo "2371"]
[PlyCount "44"]
[EventDate "2013.??.??"]

1. c4 Nf6 2. Nc3 d5 3. cxd5 Nxd5 4. d4 g6 5. e4 Nxc3 6. bxc3 Bg7 7. Bc4 c5 8.
Qb3 O-O 9. dxc5 Nd7 10. Be3 Qa5 11. Ne2 Nxc5 12. Qc2 Bd7 13. O-O Rac8 14. Nd4
Na4 15. Bd5 Qxc3 16. Qxc3 Nxc3 17. Bxb7 Rc4 18. Ba6 Rxd4 19. Bxd4 Bxd4 20. Rfe1
Rb8 21. Kf1 Rb2 22. Be2 Nxe2 0-1

[Event "XXVIII Miedzynarodowy Turniej im. T. Gn"]
[Site "Police"]
[Date "2013.??.??"]
[Round "2.8"]
[White "Przedmojski, Rafal"]
[Black "Snihur, Piotr"]
[Result "1/2-1/2"]
[WhiteElo "2371"]
[BlackElo "2157"]
[PlyCount "112"]
[EventDate "2013.??.??"]

1. d4 Nf6 2. c4 e6 3. g3 d5 4. Bg2 dxc4 5. Qa4+ Bd7 6. Qxc4 Bc6 7. Nf3 Nbd7 8.
Nc3 Be7 9. O-O O-O 10. Qd3 b6 11. Bf4 Bb7 12. Rfd1 c5 13. Ne5 Bxg2 14. Kxg2 Qc8
15. Nxd7 Qxd7 16. dxc5 Qb7+ 17. Qf3 Qxf3+ 18. Kxf3 Bxc5 19. Be5 Rfd8 20. Bxf6
gxf6 21. e3 Rac8 22. Rxd8+ Rxd8 23. Rd1 Rxd1 24. Nxd1 f5 25. Nc3 Kg7 26. Ke2
Kf6 27. Kd3 Ke5 28. a3 Bd6 29. f4+ Kf6 30. b4 a6 31. Kd4 Ke7 32. e4 fxe4 33.
Nxe4 Bc7 34. a4 h5 35. b5 axb5 36. axb5 f5 37. Nd2 Bd6 38. Nc4 Bc5+ 39. Kd3 Bg1
40. Ke2 Bxh2 41. Kf2 h4 42. gxh4 Bxf4 43. Nxb6 Kd6 44. Kf3 Bh6 45. Nc4+ Kc5 46.
b6 Kc6 47. h5 Bc1 48. Ke2 Bg5 49. Kd3 Bh6 50. Kc3 e5 51. Nxe5+ Kxb6 52. Kc4 Kc7
53. Kd5 Kd8 54. Nf7+ Ke7 55. Nxh6 Kf6 56. Ng8+ Kg7 1/2-1/2